Se instalará planta experimental: energía eólica en Costa Rica /

Guardat en:
Dades bibliogràfiques
Autor principal: Parral, César A.
Altres autors: Herrera, Mauricio
Format: Text
Matèries:
Etiquetes: Afegir etiqueta
Sense etiquetes, Sigues el primer a etiquetar aquest registre!

MARC

LEADER 00000 a a2200000 04500
001 1474
003
040
100 |a Parral, César A.  
245 |a Se instalará planta experimental:   |b energía eólica en Costa Rica /  |c César A. Parral 
650 |a ENERGIA EOLICA  
650 |a COSTA RICA  
700 |a Herrera, Mauricio  
773 |g número 92; páginas 25-26  
999 |c 23444  |d 23444